000 00213nam a22000857a 4500
008 170228b xxu||||| |||| 00| 0 eng d
100 _92944
_aGupta.N
245 _aAccountancy XII
260 _aNew Delhi
_bDhanpat rai
_c2012
999 _c6186
_d6186